000 00679nam a2200277Ia 4500
005 20260324125758.0
008 008 260324s9999 xx 000 0 eng d
020 _a9780429134500
037 _aEBOOK
040 _aCRL
040 _beng
040 _cCRL
041 _2eng
041 _aeng
084 _qCRL
100 _aHarry G. Brittain; Moji Christianah Adeyeye
_91179285
245 0 _aPreformulation in Solid Dosage Form Development
260 _bTaylor and Francis
260 _c2008
365 _a
365 _b400
856 _uhttp://www.taylorfrancis.com/books/9780429134500
942 _cEBOOK
999 _c1774842
_d1774842